Oldest Child TV Sibling Quiz Stats

 Plays Quiz Updated Nov 9, 2017

Challenge
Share
Tweet
Embed
Score 0/34 Timer 10:00
2 Plays Today
TV Show Oldest Sibling % Correct
'The Brady Bunch'Greg Brady
82.8%
'The Simpsons'Bart Simpson
82.4%
'Full House'Donna Jo 'D.J' Tanner
67.4%
'The Jetsons'Judy Jetson
52%
'Family Guy'Meg Griffin
50.2%
'Family Ties'Alex P. Keaton
48.8%
'Leave it to Beaver'Wallace 'Wally' Cleaver
48.7%
'Roseanne'Becky Conner
46.6%
'Little House on the Prairie'Mary Ingalls
43.8%
'Married...with Children'Kelly Bundy
41%
'The Waltons'John-Boy Walton
39.9%
'Bewitched'Tabitha Stephens
39%
'Home Improvement'Brad Taylor
38.5%
'The Addams Family'Pugsley Addams
37.1%
'Growing Pains'Mike Seaver
36.3%
'Boy Meets World'Eric Matthews
32%
'The Cosby Show'Sondra Huxtable
30.9%
TV Show Oldest Sibling % Correct
'Good Times'James 'J.J.' Evans Jr.
30.9%
'Family Matters'Edward 'Eddie' Winslow
27%
'Everybody Loves Raymond'Ally Barone
26.7%
'Hannah Montana'Jackson Stewart
26.3%
'Malcolm in the Middle'Francis Wilkerson
25.8%
'Happy Days'Chuck Cunningham
23%
'Family Affair'Catherine 'Cissy' Patterson-Davis
18%
'8 Simple Rules'Bridget Hennessy
17.1%
'The Nanny'Margaret 'Maggie' Sheffield
16.9%
'One Tree Hill'Lucas Scott
16.9%
'My Wife and Kids'Michael Kyle Jr.
16%
'The Adventures of Ozzie and Harriet'David Nelson
14.4%
'The Wonder Years'Karen Arnold
14.2%
'Eight is Enough'David Bradford
13.5%
'One Day at a Time'Julie Cooper
11.3%
'Party of Five'Charlie Salinger
11%
'Everwood'Ephram Brown
6.6%

You're not logged in!

Compare scores with friends on all Sporcle quizzes.
Join for Free
OR
Log In

You Might Also Like...

Show Comments

Extras

Top Quizzes Today


Score Distribution

Your Account Isn't Verified!

In order to create a playlist on Sporcle, you need to verify the email address you used during registration. Go to your Sporcle Settings to finish the process.

Report this User

Report this user for behavior that violates our Community Guidelines.

Details: